000
00319nam a22001457a 4500
003
SGT
020
_a
81-7167-249-3
082
_a
647.01
_b
J94S
100
_a
SHANKAR, ARCHANA
245
_a
JAISALMER
260
_a
NEW DELHI
_b
ROLI BOOKS PVT. LTD.
_c
1994
300
_a
64
650
_a
HOTEL MANAGEMENT
942
_2
ddc
_c
BK
999
_c
12878
_d
12878